| 000 | 01251nam0a2200337 4500 | ||
|---|---|---|---|
| 001 | RU\NLR\bibl\1762406 | ||
| 005 | 20250616124550.0 | ||
| 010 |
_a978-5-9567-1379-2 _93000 |
||
| 021 |
_aRU _b2011-26039 _91854 |
||
| 035 | _a(nilc)RSL-KNO-004927092 | ||
| 035 | _a(NLR Aleph) 001753213 | ||
| 090 |
_a1531882 _c1531882 |
||
| 100 | _a20110418d2011 |||y0rusy50 ca | ||
| 101 | 0 | _arus | |
| 102 | _aRU | ||
| 105 | _aa ||||||||| | ||
| 200 | 1 |
_aВсе о винограднике на приусадебном участке _fС. Малай |
|
| 210 |
_aРостов-на-Дону _cВладис _aМосква _cРипол классик _d2011 |
||
| 215 |
_a351, [1] с., [8] л. цв. ил. _cил. _d21 |
||
| 606 | 1 |
_aВиноградная лоза _jПрактические пособия _xКультура на приусадебных участках _91242465 _3RU\NLR\auth\66190394 |
|
| 686 |
_aП26,1,0 _2rubbk |
||
| 686 | _aП26,1я8 | ||
| 700 | 1 |
_aМалай _bС. А. _gСергей Андреевич _4070 |
|
| 801 | 0 |
_aRU _bRuMoRKP _c20110418 _grcr |
|
| 801 | 1 |
_aRU _bРГБ _c20110418 |
|
| 801 | 2 |
_aRU _bNLR _c20110422 _grcr |
|
| 830 | _aавт. раскрыт по кн. | ||
| 942 | _cBOOK | ||
| 980 | _aNB | ||
| 980 | _aNBR | ||